Final Fantasy VII Summons Quiz Stats

 Plays Quiz Updated Jun 1, 2015

Score 0/16 Timer 03:00
1 Play Today
Ability % Correct
Diamond DustShiva
93%
HellfireIfrit
90.9%
Mega FlareBahamut
88%
Zantetsuken/Gunge LanceOdin
84.2%
Phoenix FlamePhoenix
79.6%
Ultimate EndKnights of the Round
79.1%
Tidal WaveLeviathan
76.9%
Judgement BoltRamuh
74%
Ability % Correct
Anger of the LandTitan
70.9%
Tera FlareBahamut Zero
68.9%
Giga FlareNeo Bahamut
68.4%
JudgementAlexander
58.6%
Black CauldronHades
58.2%
Deathblow!Chocomog
52.2%
Tetra DisasterKjata
40.8%
DisintegrationTyphoon
33.2%

You're not logged in!

Compare scores with friends on all Sporcle quizzes.
OR
Log In

Sporcle TV

Today on Sporcle TV


Watch our educational content, quiz creation guides, and fun videos on Sporcle TV.

Show Comments

Extras

Top Quizzes Today


Score Distribution

Your Account Isn't Verified!

In order to create a playlist on Sporcle, you need to verify the email address you used during registration. Go to your Sporcle Settings to finish the process.

Report this User

Report this user for behavior that violates our Community Guidelines.

Details: